000 00586nam a2200217Ia 4500
003 GCL
008 140319s9999 xx 000 0 eng d
020 _a185715116X
040 _aGCL /
_cGCL
082 0 4 _a823
_bH R
100 1 _aHARDY, THOMAS
245 1 0 _aTHE RETURN OF THE NATIVE /
_cHARDY, THOMAS
700 1 _aBAYLEY, JOHN
260 _aانجلترا :
_bEVERYMAN'S LIBRARY ،
_c1992
300 _a20 CM ؛
_cXXXIX, 498 P
490 _aTHE MILLENNIUM LIBRARY
_v116
650 0 4 _aENGLISH LITERATURE
650 0 4 _aLITERATURE
650 0 4 _aENGLISH FICTION
942 _2ddc
_cBK
999 _c5242
_d5242